[Event "Titled Tue 3rd Jun Early"]
[Site "chess.com INT"]
[Date "2025.06.03"]
[Round "1"]
[White "Sailer, Mike"]
[Black "Parfenov, Viktor N."]
[Result "0-1"]
[BlackTitle "CM"]
[WhiteElo "2108"]
[BlackElo "2193"]
[WhiteFideId "2012901"]
[BlackFideId "4165969"]
[EventDate "2025.06.03"]

1. d4 d5 2. Nf3 Nf6 3. e3 e6 4. Bd3 c5 5. b3 Nc6 6. Bb2 cxd4 7. exd4 Bd6 8. O-O
b6 9. Nbd2 Bb7 10. Ne5 O-O 11. f4 Nb4 12. Be2 Rc8 13. c3 Nc6 14. Bd3 Ne7 15. Rf3
Ne4 16. Rh3 g6 17. Ndf3 f6 18. Ng4 Nf5 19. Qc1 h5 20. Nf2 Kg7 21. Ne1 Qc7 22.
Rf3 a6 23. g3 b5 24. Ng2 b4 25. c4 Nxf2 26. Rxf2 dxc4 27. bxc4 Ba8 28. Ne3 Qb7
29. Ng2 Rfe8 30. Re2 e5 31. Be4 Qa7 32. Bxa8 Rxa8 33. fxe5 Bxe5 34. c5 Bxd4+ 35.
Kf1 Rxe2 36. Kxe2 Qe7+ 37. Kf1 Re8 38. Bxd4 Qe2+ 39. Kg1 Nxd4 40. Kh1 Qf3 41. c6
Re2 42. Qf1 Qc3 43. Rc1 Rc2 44. Rxc2 Qxc2 45. Ne3 Qxc6+ 0-1

[Event "Titled Tue 3rd Jun Early"]
[Site "chess.com INT"]
[Date "2025.06.03"]
[Round "1"]
[White "Jaskolka, Tomasz"]
[Black "Heymann, Samuel"]
[Result "1-0"]
[WhiteTitle "CM"]
[BlackTitle "CM"]
[WhiteElo "2200"]
[BlackElo "2226"]
[WhiteFideId "1170791"]
[BlackFideId "4645707"]
[EventDate "2025.06.03"]

1. d4 d5 2. Bf4 c5 3. e3 Nc6 4. c3 Nf6 5. Nd2 Bf5 6. Ngf3 e6 7. Qa4 a6 8. Ne5
Rc8 9. Nxc6 Rxc6 10. Bxa6 Nd7 11. Bxb7 Rb6 12. Bc6 Rxb2 13. Nb3 cxd4 14. exd4
Bd3 15. Nc1 Bc4 16. Kd1 Be7 17. Re1 g5 18. Bg3 h5 19. Nb3 h4 20. Be5 Rg8 21. Nd2
Bd3 22. Re3 Bf5 23. Ke1 h3 24. gxh3 f6 25. Bg3 Kf7 26. Bxd7 1-0

[Event "Titled Tue 3rd Jun Early"]
[Site "chess.com INT"]
[Date "2025.06.03"]
[Round "1"]
[White "Elier, Ali"]
[Black "Tarasov, Igor"]
[Result "1-0"]
[WhiteTitle "CM"]
[BlackTitle "FM"]
[WhiteElo "2142"]
[BlackElo "2256"]
[WhiteFideId "16217543"]
[BlackFideId "4120256"]
[EventDate "2025.06.03"]

1. e4 c5 2. c3 Nf6 3. e5 Nd5 4. d4 cxd4 5. Nf3 e6 6. cxd4 Nc6 7. Bc4 Nb6 8. Bb3
Bb4+ 9. Bd2 Bxd2+ 10. Nbxd2 d5 11. exd6 Qxd6 12. Ne4 Qe7 13. O-O O-O 14. Qe2 Rd8
15. Rfd1 Bd7 16. Nc5 Be8 17. Rac1 Rd6 18. Ne5 Nxd4 19. Qg4 Rad8 20. Ne4 f5 21.
Qg5 Qxg5 22. Nxg5 Ne2+ 23. Kf1 Nxc1 24. Rxc1 Bb5+ 25. Kg1 Re8 26. h3 h6 27. Ngf3
Nd5 28. Nd4 Bd7 29. Rc7 Nxc7 30. Nxf5 Rd2 31. Nxd7 Rxd7 32. Ne3 Kh8 1-0

[Event "Titled Tue 3rd Jun Early"]
[Site "chess.com INT"]
[Date "2025.06.03"]
[Round "1"]
[White "Mottola, Max"]
[Black "Kezin, Roman"]
[Result "0-1"]
[BlackTitle "IM"]
[WhiteElo "2128"]
[BlackElo "2471"]
[WhiteFideId "30985862"]
[BlackFideId "24124621"]
[EventDate "2025.06.03"]

1. d4 d5 2. Nf3 Nf6 3. Bf4 c5 4. e3 Nc6 5. Nbd2 Bf5 6. dxc5 e6 7. Nd4 Bxc5 8.
Nxf5 exf5 9. Bd3 Ne4 10. c3 g5 11. Bg3 h5 12. Nb3 Bb6 13. Bb5 f4 14. f3 Nxg3 15.
hxg3 Bxe3 16. Nd4 Qf6 17. Nc2 O-O-O 18. Nxe3 Rhe8 19. O-O Rxe3 20. gxf4 gxf4 21.
Re1 h4 22. Rxe3 fxe3 23. Qd3 h3 24. Qxe3 hxg2 25. Re1 d4 26. Qe4 dxc3 27. Bxc6
Qxc6 28. Qxc6+ bxc6 29. bxc3 Rd2 30. Re7 Rxa2 31. Rxf7 a5 32. Ra7 Kb8 33. Rh7 a4
34. f4 a3 35. Rh8+ Kb7 36. f5 Rb2 37. Rh7+ Kb6 0-1

[Event "Titled Tue 3rd Jun Early"]
[Site "chess.com INT"]
[Date "2025.06.03"]
[Round "1"]
[White "Khamdamova, Afruza"]
[Black "Balavignan, Ashvin"]
[Result "1-0"]
[WhiteTitle "WIM"]
[BlackTitle "CM"]
[WhiteElo "2344"]
[BlackElo "2023"]
[WhiteFideId "14210444"]
[BlackFideId "3261425"]
[EventDate "2025.06.03"]

1. e4 e6 2. d4 d5 3. Nd2 c5 4. exd5 Qxd5 5. Ngf3 cxd4 6. Bc4 Qd6 7. O-O Nf6 8.
Nb3 Nc6 9. Nbxd4 Nxd4 10. Nxd4 Be7 11. Re1 O-O 12. Bg5 Qc7 13. Bb3 a5 14. a4 Bd7
15. Qf3 Bc6 16. Nxc6 bxc6 17. Bf4 Bd6 18. Bxd6 Qxd6 19. Rad1 Qc7 20. Bc4 Rfd8
21. g3 h6 22. b3 Nd5 23. Rd2 Nb6 24. Bd3 Nd5 25. Rde2 Rab8 26. h4 Rb4 27. h5 Qe7
28. Be4 Qc5 29. c4 Ne7 30. Bc2 Rb7 31. Re5 Qd6 32. Qe4 Nf5 33. Rxa5 Qb4 34. Re5
Rd4 35. Qf3 Rbd7 36. Bxf5 exf5 37. Re8+ Kh7 38. Qxf5+ g6 39. hxg6+ fxg6 40. Qf6
Qb7 41. Rh8# 1-0

[Event "Titled Tue 3rd Jun Early"]
[Site "chess.com INT"]
[Date "2025.06.03"]
[Round "1"]
[White "Aranda, Juan Manuel"]
[Black "Przybylski, Bartosz"]
[Result "0-1"]
[WhiteTitle "CM"]
[BlackTitle "CM"]
[WhiteElo "2134"]
[BlackElo "2107"]
[WhiteFideId "160458"]
[BlackFideId "21878323"]
[EventDate "2025.06.03"]

1. Nf3 d6 2. g3 Nf6 3. Bg2 g6 4. O-O Bg7 5. d3 O-O 6. e4 c5 7. Nc3 Nc6 8. a4 e5
9. Nd2 h6 10. Nc4 Be6 11. Nd5 Bxd5 12. exd5 Ne7 13. Ne3 a6 14. f4 exf4 15. Rxf4
Nd7 16. c3 b5 17. Bd2 Qe8 18. Qf1 f5 19. g4 g5 20. Rxf5 Nxf5 21. Nxf5 Ne5 22.
Re1 Qd7 23. d4 cxd4 24. cxd4 Nxg4 25. Ne7+ Qxe7 26. Rxe7 Bxd4+ 27. Kh1 Rxf1+ 28.
Bxf1 Rf8 29. Be2 Ne5 30. Be1 bxa4 31. Kg2 Bxb2 32. Ra7 a3 33. Rxa6 Rf4 34. Bg3
Re4 35. Bh5 Kg7 0-1

[Event "Titled Tue 3rd Jun Early"]
[Site "chess.com INT"]
[Date "2025.06.03"]
[Round "1"]
[White "Gattani, Sarthak"]
[Black "Vaganian, Rafael A"]
[Result "1-0"]
[BlackTitle "GM"]
[WhiteElo "1869"]
[BlackElo "2449"]
[WhiteFideId "30995965"]
[BlackFideId "13300016"]
[EventDate "2025.06.03"]

1. d4 Nf6 2. c4 c5 3. d5 b5 4. cxb5 a6 5. bxa6 Bxa6 6. Nc3 g6 7. e4 Bxf1 8. Kxf1
d6 9. Nf3 Bg7 10. g3 O-O 11. Kg2 Nbd7 12. a4 Qb6 13. Qe2 Rfb8 14. Ra3 Ne8 15.
Nb5 Nc7 16. Nxc7 Qxc7 17. b3 Nf6 18. Bb2 Rb4 19. e5 Nxd5 20. exd6 exd6 21. Bxg7
Kxg7 22. Rd1 Nf6 23. Qd2 d5 24. Rc1 Qb6 25. Qc3 Ra5 26. Ne5 d4 27. Qf3 Ra7 28.
Nc6 Rb7 29. a5 Qb5 30. a6 Rb6 31. Nxb4 Qxb4 32. Ra4 Qd2 33. Rca1 Qc2 34. R4a3 d3
35. a7 d2 36. a8=Q Re6 37. R3a2 Qc1 38. Qd8 1-0

[Event "Titled Tue 3rd Jun Early"]
[Site "chess.com INT"]
[Date "2025.06.03"]
[Round "1"]
[White "Avila Rodriguez, Joshua Adrian"]
[Black "Newansa, M Esandi"]
[Result "1-0"]
[WhiteTitle "FM"]
[BlackTitle "WCM"]
[WhiteElo "2302"]
[BlackElo "1947"]
[WhiteFideId "5126444"]
[BlackFideId "9999060"]
[EventDate "2025.06.03"]

1. e4 c6 2. d4 d5 3. e5 Bf5 4. Nf3 e6 5. Be2 Ne7 6. c3 Nd7 7. O-O c5 8. Na3 Nc6
9. Nc2 Be7 10. a4 O-O 11. Bd3 Bg4 12. h3 Bh5 13. Re1 Re8 14. Be3 a6 15. Rb1 Nf8
16. g4 Bg6 17. dxc5 Nd7 18. b4 Ndxe5 19. Bxg6 hxg6 20. Bd4 Nxf3+ 21. Qxf3 Bg5
22. b5 axb5 23. axb5 Nxd4 24. cxd4 Ra2 25. Nb4 Ra5 26. Nd3 Ra3 27. Ra1 Qa5 28.
Ne5 Rxf3 29. Rxa5 Rxh3 30. Kg2 Rh4 31. Ra7 f6 32. Nf3 Rxg4+ 33. Kh3 Rf4 34. Kg3
Rb8 35. Rxe6 Re4 36. Nxg5 fxg5 37. Rxg6 Rxd4 38. c6 bxc6 39. Rgxg7+ Kf8 40.
Raf7+ Ke8 41. Rc7 Kd8 42. bxc6 Rb3+ 43. f3 Rb8 44. Rcd7+ Ke8 45. Rg8# 1-0

[Event "Titled Tue 3rd Jun Early"]
[Site "chess.com INT"]
[Date "2025.06.03"]
[Round "1"]
[White "Sjugirov, Sanan"]
[Black "Goncharov, Vladimir"]
[Result "1-0"]
[WhiteTitle "GM"]
[WhiteElo "2638"]
[BlackElo "2077"]
[WhiteFideId "4189302"]
[BlackFideId "34162256"]
[EventDate "2025.06.03"]

1. e4 e6 2. d4 d5 3. Nd2 Be7 4. Ngf3 c5 5. exd5 exd5 6. Bb5+ Nc6 7. O-O cxd4 8.
Nxd4 Bd7 9. Nxc6 bxc6 10. Bd3 Nf6 11. c4 O-O 12. cxd5 cxd5 13. Nf3 Bg4 14. h3
Bh5 15. Be3 Ne4 16. Bd4 Bf6 17. Be2 Re8 18. Re1 Qa5 19. Bxf6 Nxf6 20. Nd4 Bxe2
21. Rxe2 h6 22. a3 Re4 23. f3 Ree8 24. Qd3 Qb6 25. Rae1 Rxe2 26. Rxe2 a5 27. Rd2
Rc8 28. Kf2 Rc4 29. b3 Rc1 30. Qe3 Qb8 31. Re2 Qh2 32. Qxc1 Qd6 33. a4 Qb6 34.
Qe3 g6 35. Rd2 1-0

[Event "Titled Tue 3rd Jun Early"]
[Site "chess.com INT"]
[Date "2025.06.03"]
[Round "1"]
[White "Dziewonski, Dariusz"]
[Black "Golsefidy, Sepehr"]
[Result "1-0"]
[WhiteTitle "FM"]
[WhiteElo "2245"]
[BlackElo "2080"]
[WhiteFideId "21835829"]
[BlackFideId "30973368"]
[EventDate "2025.06.03"]

1. e4 e5 2. Nf3 d5 3. d3 dxe4 4. dxe4 Qxd1+ 5. Kxd1 f6 6. Be3 Nc6 7. c3 Bg4 8.
Be2 O-O-O+ 9. Kc2 Nge7 10. Nbd2 Ng6 11. h3 Be6 12. b3 Be7 13. Rad1 Rd7 14. Bc4
Bxc4 15. Nxc4 Rxd1 16. Rxd1 b6 17. a4 a5 18. Ne1 Rd8 19. Rxd8+ Kxd8 20. Nd3 Nf8
21. Bd2 Ne6 22. Ne3 Nc5 23. Nxc5 Bxc5 24. Kd3 Ne7 25. b4 Bxe3 26. Bxe3 Nc6 27.
Kc4 Kc8 28. Kb5 Kb7 29. h4 h5 30. f3 g6 31. Bh6 Na7+ 32. Kc4 Nc8 33. bxa5 bxa5
34. Kd5 Ne7+ 35. Ke6 Nc8 36. Kxf6 Nb6 37. Kxg6 Nxa4 38. Kxh5 Nxc3 39. Bg7 a4 40.
Bxe5 Ne2 41. Kg6 c5 42. h5 c4 43. h6 c3 44. h7 c2 45. Bb2 Nf4+ 46. Kf5 Nd3 47.
h8=Q 1-0

[Event "Titled Tue 3rd Jun Early"]
[Site "chess.com INT"]
[Date "2025.06.03"]
[Round "1"]
[White "Otdelnov, Kirill"]
[Black "Arya G Mallar"]
[Result "1-0"]
[WhiteTitle "FM"]
[BlackTitle "WCM"]
[WhiteElo "2273"]
[BlackElo "2014"]
[WhiteFideId "24280216"]
[BlackFideId "25115324"]
[EventDate "2025.06.03"]

1. Nf3 Nf6 2. e3 g6 3. b3 c5 4. Bb2 Bg7 5. g3 O-O 6. Bg2 d5 7. O-O Nc6 8. d4 Bg4
9. dxc5 Qa5 10. h3 Bxf3 11. Bxf3 Qxc5 12. Nd2 Nb4 13. c4 Nd3 14. Bd4 Qb4 15.
cxd5 Rfd8 16. Nc4 Nc5 17. a3 Qxb3 18. Bxc5 Qxc4 19. Bxe7 Rd7 20. Rc1 Qa2 21. Rc2
Rxd5 22. Rxa2 Rxd1 23. Rxd1 Re8 24. Rd8 Rxd8 25. Bxd8 h5 26. Bxf6 Bxf6 27. Bxb7
Kg7 28. Bf3 a5 29. a4 Bc3 30. Rc2 Bb4 31. Rc4 Kf6 32. Bd5 Ke5 33. e4 f6 34. f3
g5 35. Kg2 Bd2 36. g4 hxg4 37. hxg4 Bb4 38. Rc6 Bc3 39. Re6+ Kf4 40. Kf2 Bd4+
41. Ke2 Be5 42. Rc6 Bd4 43. Kd3 Be5 44. Ra6 Kxf3 45. Rxa5 Kxg4 46. Be6+ Kf3 47.
Rxe5 fxe5 48. a5 g4 49. Bxg4+ Kxg4 50. a6 Kf3 51. a7 Kf2 52. a8=Q Ke1 53. Qd5
Kf2 54. Qxe5 Kf1 55. Qd5 Kf2 56. e5 Kf1 57. e6 Kf2 58. e7 Kf1 59. e8=Q Kf2 60.
Qdf7+ Kg1 61. Qeg8+ Kh2 62. Qfh7# 1-0

[Event "Titled Tue 3rd Jun Early"]
[Site "chess.com INT"]
[Date "2025.06.03"]
[Round "1"]
[White "Ambartsumian, Tyhran"]
[Black "Abraham, John Z"]
[Result "1-0"]
[WhiteTitle "CM"]
[WhiteElo "2179"]
[BlackElo "2100"]
[WhiteFideId "34161112"]
[BlackFideId "30987318"]
[EventDate "2025.06.03"]

1. e4 c5 2. Nf3 e6 3. g3 Nc6 4. Bg2 e5 5. O-O Nf6 6. Re1 Be7 7. d3 h6 8. Nbd2
O-O 9. a4 d6 10. Nc4 Be6 11. b3 b6 12. Bb2 a6 13. Nfd2 Qc7 14. Ne3 b5 15. h3 h5
16. Kh2 g5 17. Nd5 Bxd5 18. exd5 Nb4 19. Ne4 Nbxd5 20. Nxf6+ Nxf6 21. Bxa8 Rxa8
22. axb5 a5 23. c4 g4 24. h4 Ne8 25. Bc3 Ng7 26. Qd2 Nf5 27. Bxa5 Qb7 28. Bc3
Rf8 29. Qe2 Ng7 30. Qe4 Qc8 31. Ra7 Bd8 32. Kg2 Bb6 33. Ra6 Qc7 34. Qc6 Qxc6+
35. bxc6 Rb8 36. Rea1 Ne6 37. Ra8 Rxa8 38. Rxa8+ Kg7 39. Ba5 Bxa5 40. Rxa5 Kf6
41. Ra7 1-0

[Event "Titled Tue 3rd Jun Early"]
[Site "chess.com INT"]
[Date "2025.06.03"]
[Round "1"]
[White "Toroptseva, Yevheniia"]
[Black "Carlsson, Ludvig"]
[Result "0-1"]
[WhiteTitle "WFM"]
[BlackTitle "IM"]
[WhiteElo "2064"]
[BlackElo "2374"]
[WhiteFideId "34109374"]
[BlackFideId "1727010"]
[EventDate "2025.06.03"]

1. Nc3 c5 2. e4 Nc6 3. Bb5 Nd4 4. Nf3 a6 5. Bd3 g6 6. Nxd4 cxd4 7. Ne2 Bg7 8. f4
d6 9. h3 Nf6 10. O-O O-O 11. c3 dxc3 12. dxc3 Bd7 13. Be3 Bc6 14. Ng3 Qc7 15.
Qc2 Rac8 16. Rad1 Bb5 17. Bxb5 axb5 18. Qb3 Qc4 19. Bd4 Qxb3 20. axb3 Rfd8 21.
Ra1 b4 22. Ra7 Rd7 23. Rfa1 bxc3 24. bxc3 b5 25. Rxd7 Nxd7 26. Bxg7 Kxg7 27. Ne2
Nc5 28. Ra7 Nxe4 29. Rxe7 Nxc3 30. Nd4 Kf6 31. Rb7 Rc5 32. Rxb5 Nxb5 33. Nf3 Rc3
34. Kh2 Rxf3 35. gxf3 Kf5 36. Kg3 h5 37. h4 Nd4 38. b4 Nb5 39. Kg2 Kxf4 40. Kf2
d5 41. Ke2 f6 42. Kf2 g5 43. Ke2 gxh4 44. Kf2 h3 45. Kf1 Kxf3 46. Kg1 Kg3 47.
Kh1 h4 48. Kg1 h2+ 49. Kh1 Nc3 50. b5 Ne4 51. b6 Nf2# 0-1

[Event "Titled Tue 3rd Jun Early"]
[Site "chess.com INT"]
[Date "2025.06.03"]
[Round "1"]
[White "Ruge, Edison"]
[Black "Lamard, Guillaume"]
[Result "1/2-1/2"]
[WhiteTitle "FM"]
[BlackTitle "GM"]
[WhiteElo "2201"]
[BlackElo "2500"]
[WhiteFideId "4401000"]
[BlackFideId "600261"]
[EventDate "2025.06.03"]

1. e4 c5 2. Nf3 d6 3. d3 Nf6 4. Nbd2 Nc6 5. g3 g6 6. Bg2 Bg7 7. O-O O-O 8. Re1
e5 9. c3 d5 10. a3 d4 11. c4 h6 12. h3 Be6 13. Rb1 a5 14. Kh2 Nd7 15. b3 f5 16.
exf5 gxf5 17. Nh4 e4 18. dxe4 f4 19. Ndf3 Qc7 20. g4 Nde5 21. Nxe5 Nxe5 22. f3
Qe7 23. Nf5 Bxf5 24. exf5 Qg5 25. Qd2 Rae8 26. Re4 Qh4 27. Qxf4 Ng6 28. Qg3 Rxe4
29. Qxh4 Nxh4 30. fxe4 Be5+ 31. Kg1 Kg7 32. Bd2 b6 33. Rf1 Re8 34. Bf4 Bf6 35.
Bg3 Nxg2 36. Kxg2 Rxe4 37. Re1 Rxe1 38. Bxe1 Bg5 39. Kf3 d3 40. Bc3+ Kf7 41. h4
Bc1 42. g5 hxg5 43. hxg5 Bxg5 44. b4 cxb4 45. axb4 a4 46. c5 bxc5 47. bxc5 Ke8
48. c6 a3 49. f6 d2 50. Ke2 Kd8 51. f7 Be7 52. Kxd2 Kc7 53. Kc2 Kxc6 54. Kb3 Kd5
55. Bb4 Ke6 56. Bxe7 Kxf7 57. Kxa3 1/2-1/2

[Event "Titled Tue 3rd Jun Early"]
[Site "chess.com INT"]
[Date "2025.06.03"]
[Round "1"]
[White "Masague Artero, Guerau"]
[Black "Fikiet, Alex"]
[Result "1-0"]
[WhiteTitle "FM"]
[WhiteElo "2326"]
[BlackElo "2151"]
[WhiteFideId "32098952"]
[BlackFideId "2052717"]
[EventDate "2025.06.03"]

1. e4 c5 2. Nc3 Nc6 3. Bb5 Nd4 4. Bc4 Nf6 5. Nf3 e6 6. O-O a6 7. e5 d5 8. exd6
Bxd6 9. d3 b5 10. Bb3 Bb7 11. Nxd4 cxd4 12. Ne2 Ng4 13. h3 Qh4 14. Bf4 Bxf4 15.
Nxf4 Ne5 16. Qd2 g5 17. Nxe6 fxe6 18. Rae1 Nc6 19. Bxe6 Kd8 20. f4 gxf4 21. Rxf4
Qg3 22. Rf7 Rb8 23. Re4 Ne5 24. Qh6 Bxe4 25. Qf6+ Ke8 26. Qe7# 1-0

[Event "Titled Tue 3rd Jun Early"]
[Site "chess.com INT"]
[Date "2025.06.03"]
[Round "1"]
[White "Cernov, Henrik"]
[Black "Porozhnyak, Maya"]
[Result "1-0"]
[WhiteTitle "FM"]
[BlackTitle "WCM"]
[WhiteElo "2325"]
[BlackElo "1974"]
[WhiteFideId "16258312"]
[BlackFideId "34115843"]
[EventDate "2025.06.03"]

1. e4 c5 2. Nf3 e6 3. g3 a6 4. Bg2 b5 5. O-O Bb7 6. Re1 Be7 7. d4 cxd4 8. Nxd4
d6 9. a4 b4 10. c3 bxc3 11. Nxc3 Qd7 12. a5 Nc6 13. Na4 Rd8 14. Nb6 Qc7 15. Be3
Nxa5 16. Qa4+ Nc6 17. Rec1 Qxb6 18. Nxc6 Qb5 19. Qxb5 axb5 20. Nxd8 Bxd8 21. Ra7
Bxe4 22. Bxe4 Nf6 23. Bc6+ Kf8 24. Ra8 Ke7 25. Rca1 e5 26. Rc8 Rf8 27. Raa8 h6
28. Bxb5 Nh7 29. Bc4 g6 30. Bxh6 Re8 31. Be3 Rf8 32. b4 f5 33. Rab8 f4 34. Bb6
Bxb6 35. Rxf8 Nxf8 36. Rxb6 fxg3 37. hxg3 Nd7 38. Rb7 Kd8 39. Rxd7+ Kxd7 40. Bd5
Kc7 41. Kf1 Kb6 42. Bc4 d5 43. Bxd5 Kb5 44. Be4 g5 45. Ke2 Kxb4 46. Kf3 Kc5 47.
Kg4 Kd4 48. f3 Ke3 49. Kxg5 Kf2 50. g4 Ke3 51. Kf5 Kd4 52. g5 1-0

[Event "Titled Tue 3rd Jun Early"]
[Site "chess.com INT"]
[Date "2025.06.03"]
[Round "1"]
[White "Kravtsiv, Martyn"]
[Black "Gutierrez Olivares, Daniel"]
[Result "1-0"]
[WhiteTitle "GM"]
[BlackTitle "FM"]
[WhiteElo "2598"]
[BlackElo "2354"]
[WhiteFideId "14113147"]
[BlackFideId "2264005"]
[EventDate "2025.06.03"]

1. e4 e6 2. d4 d5 3. exd5 exd5 4. Nf3 Nc6 5. c3 Bd6 6. Bd3 Nge7 7. O-O Bg4 8. b3
O-O 9. Bxh7+ Kh8 10. Bc2 g6 11. h3 Bf5 12. Bh6 Rg8 13. Bg5 Kg7 14. Bxf5 gxf5 15.
Nh4 Qd7 16. Re1 f6 17. Bc1 Rh8 18. Nf3 Rag8 19. Nbd2 Kf7 20. Kf1 Ng6 21. Nb1
Nce7 22. a4 Bf4 23. Ra2 Bxc1 24. Qxc1 Qd6 25. Rae2 Nc8 26. Re6 Qf4 27. R6e3 Nd6
28. c4 Ne4 29. Nc3 1-0

[Event "Titled Tue 3rd Jun Early"]
[Site "chess.com INT"]
[Date "2025.06.03"]
[Round "1"]
[White "Leiva, Gianmarco"]
[Black "Rodriguez Avila, Alvaro"]
[Result "1-0"]
[WhiteTitle "IM"]
[BlackTitle "CM"]
[WhiteElo "2387"]
[BlackElo "2204"]
[WhiteFideId "3804399"]
[BlackFideId "24570249"]
[EventDate "2025.06.03"]

1. e4 c5 2. Nf3 g6 3. c3 Bg7 4. d4 cxd4 5. cxd4 d5 6. e5 Bg4 7. Bb5+ Nc6 8.
Bxc6+ bxc6 9. Nbd2 e6 10. O-O Ne7 11. h3 Bxf3 12. Nxf3 O-O 13. b3 Nf5 14. Ba3
Re8 15. Qc2 Rc8 16. Bc5 Rc7 17. Qc3 Bf8 18. g3 Bxc5 19. Qxc5 Qe7 20. Rfc1 Qxc5
21. Rxc5 Rec8 22. Rac1 Ne7 23. Kg2 Rb7 24. Ra5 Rcc7 25. Rcc5 Kf8 26. Ne1 Ke8 27.
g4 Kd7 28. h4 Rb6 29. Kg3 Rcb7 30. Kf4 Rb5 31. Kg5 Rxa5 32. Rxa5 Ng8 33. Nd3 h6+
34. Kf4 Kc8 35. Nc5 Rc7 36. Ra4 Ne7 37. b4 Kd8 38. Ke3 Nc8 39. Ke2 Nb6 40. Ra3
Nc4 41. Rf3 Ke8 42. Kd3 Rc8 43. Kc3 Rb8 44. h5 g5 45. Rf6 a5 46. bxa5 Rb5 47. a6
Ra5 48. a4 Nxe5 49. Rxh6 Nxg4 50. Rh8+ Ke7 51. Kb4 1-0

[Event "Titled Tue 3rd Jun Early"]
[Site "chess.com INT"]
[Date "2025.06.03"]
[Round "1"]
[White "Bilochenko, Matvii"]
[Black "Gyurjinyan, Valter"]
[Result "0-1"]
[WhiteTitle "CM"]
[BlackTitle "CM"]
[WhiteElo "2027"]
[BlackElo "2208"]
[WhiteFideId "41834062"]
[BlackFideId "13318179"]
[EventDate "2025.06.03"]

1. e4 c5 2. Nf3 d6 3. Bb5+ Nd7 4. O-O Nf6 5. Re1 a6 6. Bxd7+ Bxd7 7. c3 Bc6 8.
d4 e6 9. d5 Bd7 10. c4 Be7 11. Nc3 e5 12. Qd3 O-O 13. h3 Nh5 14. Be3 f5 15. exf5
Bxf5 16. Ne4 Qe8 17. Nfd2 Qg6 18. Kh1 Rae8 19. Rg1 Nf4 20. Bxf4 exf4 21. f3 Qh5
22. Rge1 Bh4 23. Re2 Qh6 24. a3 Bf6 25. Nxf6+ Qxf6 26. Ne4 Bxe4 27. Rxe4 Qxb2
28. Rae1 Rxe4 29. Qxe4 Qb6 30. Qe6+ Kh8 31. Re4 h6 32. Qg4 Qb2 33. Qe6 Qf6 34.
Qd7 Rf7 35. Qe8+ Kh7 36. Qb8 Re7 37. Rxe7 Qxe7 38. Qc8 Qf7 39. Kh2 b5 40. cxb5
axb5 41. Qb7 Qxb7 0-1

[Event "Titled Tue 3rd Jun Early"]
[Site "chess.com INT"]
[Date "2025.06.03"]
[Round "1"]
[White "Klepek, Witold"]
[Black "Durarbayli, Vasif"]
[Result "0-1"]
[WhiteTitle "CM"]
[BlackTitle "GM"]
[WhiteElo "2253"]
[BlackElo "2612"]
[WhiteFideId "1175068"]
[BlackFideId "13402935"]
[EventDate "2025.06.03"]

1. c4 c5 2. Nf3 Nf6 3. d4 cxd4 4. Nxd4 b6 5. Nc3 Bb7 6. f3 e6 7. e4 d6 8. Be3
Be7 9. Qd2 O-O 10. Be2 a6 11. O-O Qc7 12. Rac1 Nbd7 13. b3 Rac8 14. Kh1 Qb8 15.
g4 g6 16. g5 Nh5 17. f4 Ng7 18. Bf3 Qa8 19. Qg2 e5 20. Nde2 b5 21. Nd5 Bxd5 22.
cxd5 exf4 23. Bxf4 Ne5 24. Bxe5 dxe5 25. h4 Rxc1 26. Rxc1 Qd8 27. Qg3 f6 28.
gxf6 Bxf6 29. h5 Bh4 30. Qg2 Qf6 31. Bg4 gxh5 32. Bxh5 Kh8 33. Bg4 Qh6 34. Rc6
Qe3 35. Qh3 Qxe4+ 36. Kh2 Qxd5 37. Rh6 Rf2+ 38. Kg1 Qd1+ 0-1

[Event "Titled Tue 3rd Jun Early"]
[Site "chess.com INT"]
[Date "2025.06.03"]
[Round "1"]
[White "Guerra Tulcan, Lenin"]
[Black "Araujo Filho, Luiz Antonio Coel"]
[Result "1-0"]
[WhiteTitle "IM"]
[WhiteElo "2310"]
[BlackElo "2077"]
[WhiteFideId "3601382"]
[BlackFideId "2130661"]
[EventDate "2025.06.03"]

1. e4 c6 2. Nf3 d5 3. exd5 cxd5 4. Ne5 Nf6 5. Bb5+ Nbd7 6. Qe2 e6 7. O-O a6 8.
Bxd7+ Bxd7 9. b3 Be7 10. Bb2 O-O 11. c4 dxc4 12. bxc4 Rc8 13. d3 Bc6 14. Nd2 Qc7
15. Nb3 Rfd8 16. h3 Nd7 17. f4 a5 18. Rae1 Nf8 19. Kh1 a4 20. Nd2 f6 21. Ng4 Bb4
22. Nxf6+ gxf6 23. Bxf6 Rd7 24. Qg4+ Rg7 25. Bxg7 Qxg7 26. Qe2 Rd8 27. Rf2 Kh8
28. Kh2 Ng6 29. g3 Bc5 30. Rff1 Rg8 31. Ne4 Bxe4 32. Qxe4 Qb2+ 33. Re2 Qc3 34.
Rd1 Rd8 35. h4 1-0

[Event "Titled Tue 3rd Jun Early"]
[Site "chess.com INT"]
[Date "2025.06.03"]
[Round "1"]
[White "Ristic, Nebojsa M"]
[Black "Sobek, Jaroslav"]
[Result "1-0"]
[WhiteTitle "IM"]
[BlackTitle "FM"]
[WhiteElo "2248"]
[BlackElo "2195"]
[WhiteFideId "900850"]
[BlackFideId "301388"]
[EventDate "2025.06.03"]

1. d4 Nf6 2. Bf4 g6 3. Nc3 Bg7 4. e4 O-O 5. Qd2 d5 6. e5 Ne4 7. Nxe4 dxe4 8.
O-O-O Nc6 9. Bh6 Qd5 10. Bxg7 Kxg7 11. c4 Qa5 12. Qxa5 Nxa5 13. d5 b6 14. h3 Nb7
15. g4 a5 16. Ne2 Nc5 17. Nc3 Bd7 18. Kc2 f5 19. g5 f4 20. e6 Be8 21. h4 e3 22.
Rh2 h6 23. Re1 exf2 24. Rxf2 hxg5 25. hxg5 Rf5 26. Rg2 f3 27. Rg3 f2 28. Re2 a4
29. Rg2 b5 30. Rexf2 Rxf2+ 31. Rxf2 bxc4 32. Bxc4 1-0

[Event "Titled Tue 3rd Jun Early"]
[Site "chess.com INT"]
[Date "2025.06.03"]
[Round "1"]
[White "Leon Acevedo, Juan Alejandro"]
[Black "Chiang, Jacob"]
[Result "0-1"]
[WhiteTitle "CM"]
[WhiteElo "2040"]
[BlackElo "2006"]
[WhiteFideId "4459261"]
[BlackFideId "30962331"]
[EventDate "2025.06.03"]

1. d4 c5 2. d5 Nf6 3. c4 d6 4. Nc3 g6 5. e4 Bg7 6. Be2 O-O 7. Nf3 e6 8. a4 exd5
9. cxd5 Re8 10. Nd2 Na6 11. O-O Nb4 12. Re1 a6 13. Bf1 Qc7 14. Nc4 Nd7 15. h3
Ne5 16. f4 Nxc4 17. Bxc4 Qe7 18. Na2 Nxa2 19. Rxa2 Qh4 20. Kh2 Bf5 21. Bd3 c4
22. Bb1 Rac8 23. Re3 Bd7 24. Qf3 Bd4 25. Re2 b5 26. axb5 Bxb5 27. Bd2 c3 28.
bxc3 Bxe2 29. Qxe2 Bxc3 30. Be3 a5 31. Bd3 Bb4 32. Ra1 Rc3 33. Rf1 Qe7 34. Bd4
Rxd3 35. e5 Rxd4 0-1